Territorial boundaries as limits: A Foucauldian analysis of the agglomeration of municipalities (Record no. 97181)

000 -LEADER
fixed length control field 01432pab a2200193 454500
008 - FIXED-LENGTH DATA ELEMENTS--GENERAL INFORMATION
fixed length control field 180718b2012 xxu||||| |||| 00| 0 eng d
100 ## - MAIN ENTRY--PERSONAL NAME
Personal name Ruggiero, Pasquale
245 ## - TITLE STATEMENT
Title Territorial boundaries as limits: A Foucauldian analysis of the agglomeration of municipalities
260 ## - PUBLICATION, DISTRIBUTION, ETC.
Date of publication, distribution, etc. 2012
300 ## - PHYSICAL DESCRIPTION
Extent p.492-506.
362 ## - DATES OF PUBLICATION AND/OR SEQUENTIAL DESIGNATION
Dates of publication and/or sequential designation Jun
520 ## - SUMMARY, ETC.
Summary, etc. Public management theories have focused scholars' attention on agglomeration processes between public administrations. Such processes are relevant at a local level to increase efficiency and effectiveness in the provision of public services. Scholars and practitioners have pointed out economies of scale and efficiency in the production of public services as the most important incentives for adopting agglomeration policies. All kinds of related discourse, such as that relating to economics for example, need to be coordinated in order to change the behaviour of citizens and make the agglomeration process acceptable. The present article adopts a Foucauldian approach in highlighting an additional variable/discou rse in addition to all the others used to foster agglomeration processes: the identity and culture of the communities involved in this kind of process. - Reproduced.
650 ## - SUBJECT ADDED ENTRY--TOPICAL TERM
Topical term or geographic name entry element Local government
700 ## - ADDED ENTRY--PERSONAL NAME
Personal name Mussari , Riccardo
700 ## - ADDED ENTRY--PERSONAL NAME
Personal name Monfardini, Patrizio
773 ## - HOST ITEM ENTRY
Main entry heading International Journal of Public Administration
908 ## - PUT COMMAND PARAMETER (RLIN)
Put command parameter N
909 ## -
-- 97181
Holdings
Withdrawn status Lost status Damaged status Not for loan Permanent Location Current Location Date acquired Serial Enumeration / chronology Barcode Date last seen Price effective from Koha item type
        Indian Institute of Public Administration Indian Institute of Public Administration 2018-07-19 Volume no: 35, Issue no: 7 AR97641 2018-07-19 2018-07-19 Articles

Powered by Koha